Statistics for 广东车牌字母大挑战!

Click here to take the quiz!

General Stats

  • This quiz has been taken 292 times
  • The average score is 11 of 24

Answer Stats

HintAnswer% Correct
粤B深圳
80%
粤A广州
80%
粤C珠海
66%
粤Z港澳来往内地车辆
66%
粤S东莞
59%
粤D汕头
56%
粤E佛山
55%
粤Y佛山南海(已撤销)
48%
粤T中山
45%
粤X佛山顺德(已撤销)
45%
粤M梅州
42%
粤L惠州
42%
粤J江门
41%
粤W云浮
40%
粤K茂名
39%
粤R清远
36%
粤V揭阳
36%
粤F韶关
35%
粤U潮州
35%
粤G湛江
33%
粤N汕尾
31%
粤P河源
31%
粤Q阳江
29%
粤H肇庆
29%

Score Distribution

Percentile by Number Answered

Percent of People with Each Score

Your Score History

You have not taken this quiz